000 01062nam a2200301 a 4500
001 24758
003 CO-ViMGA
005 20230915232017.0
008 141112s2004 ck r 000 u spa d
035 _aAHK8741 LA
040 _aCO-ViMGA
_bspa
_cCO-ViMGA
041 _aspa
043 _an - us - - -
082 0 4 _aI813.5 P45p
100 1 _aPineda R., Diego Antonio.
_936974
245 1 0 _aPio y Mechas /
_cdel texto Matthew Lipman ; traducción y adaptación Diego Antonio Pineda R., INCI.
250 _aEditor Carlos Julio Arredondo S.
260 _aBogotá :
_bCentro Colombiano de Filosofía para niños,
_c2001.
300 _a161 p. ; 30 cm.
500 _aTranscrito y adaptado al Braile.
600 _aLipman, Matthew.
_936975
650 1 4 _aCuentos infantiles estadounidenses.
_9823
700 1 _aArredondo S., Carlos Julio, 1949 - , ed.
_936976
710 _aInstituto Nacional para Ciegos.
_92006
942 _2ddc
_cBK
949 _an n
999 _c32560
_d32560